Catálogo

Incienso quemado : (Registro nro. 40863)

Detalles MARC
000 -LEADER
fixed length control field 01262cam a2200313 i 4500
001 - CONTROL NUMBER
control field 40863
003 - CONTROL NUMBER IDENTIFIER
control field Mx-PuUPA
005 - DATE AND TIME OF LATEST TRANSACTION
control field 20240410103818.0
008 - FIXED-LENGTH DATA ELEMENTS--GENERAL INFORMATION
fixed length control field 140415s1998 sp r 000 0 spa d
020 ## - INTERNATIONAL STANDARD BOOK NUMBER
International Standard Book Number 842542061X
040 ## - CATALOGING SOURCE
Original cataloging agency Mx-PuUPA
Language of cataloging spa
Transcribing agency Mx-PuUPA
Modifying agency Mx-PuUPA
Description conventions rda
041 1# - LANGUAGE CODE
Language code of text/sound track or separate title spa
Language code of original eng
100 1# - MAIN ENTRY--PERSONAL NAME
Personal name Raymond, M.,
Relator term autor
240 10 - UNIFORM TITLE
Uniform title Burnt out incense.
Language of a work Español
245 13 - TITLE STATEMENT
Title Incienso quemado :
Remainder of title la saga de Citeaux (época americana) /
Statement of responsibility, etc. M. Raymond ; traducción al español por Felipe Ximénez de Sandoval
264 #4 - PRODUCTION, PUBLICATION, DISTRIBUTION, MANUFACTURE, AND COPYRIGHT NOTICE
Place of production, publication, distribution, manufacture Barcelona :
Name of producer, publisher, distributor, manufacturer Empresa Editorial Herder,
Date of production, publication, distribution, manufacture, or copyright notice ©1998
300 ## - PHYSICAL DESCRIPTION
Extent 373 páginas ;
Dimensions 22 cm
336 ## - CONTENT TYPE
Content type term texto
Fuente rdacontent
Content type code txt
337 ## - MEDIA TYPE
Media type term sin medio
Source rdamedia
Media type code n
338 ## - CARRIER TYPE
Carrier type term volumen
Source rdacarrier
Carrier type code nc
650 #4 - SUBJECT ADDED ENTRY--TOPICAL TERM
Topical term or geographic name entry element Monaterio de Gethsemani (Kentucky, Estados Unidos)
General subdivision Historia
-- Novela
Chronological subdivision Siglo XX
650 #4 - SUBJECT ADDED ENTRY--TOPICAL TERM
Topical term or geographic name entry element Trapenses
Geographic subdivision Estados Unidos
700 1# - ADDED ENTRY--PERSONAL NAME
Personal name Ximénez de Sandoval, Felipe,
Relator term traductor
765 18 - ORIGINAL LANGUAGE ENTRY
Main entry heading Raymond, M.,
Place, publisher, and date of publication New York : Benziger Bros, 1964
Note worldcat.org
Title Burnt out incense.
Record control number OCLC: 807694619
942 ## - ADDED ENTRY ELEMENTS (KOHA)
Source of classification or shelving scheme Dewey Decimal Classification
Koha item type Libro
Classification part 813.5
Item part R263
Existencias
Withdrawn status Lost status Source of classification or shelving scheme Damaged status Not for loan Collection code Home library Current library Shelving location Date acquired Source of acquisition Total Checkouts Total Renewals Full call number Barcode Date last seen Date last checked out Price effective from Koha item type
    Dewey Decimal Classification     General Biblioteca Karol Wojtyla Biblioteca Karol Wojtyla Sala general 03/12/2013 Compra 1 1 813.5 R263 1998 61632 05/01/2026 19/01/2022 03/12/2013 Libro